Japanese consultative property index (Record no. 105719)
[ view plain ]
| 000 -LEADER | |
|---|---|
| fixed length control field | 01444cam a2200241 4500 |
| 001 - CONTROL NUMBER | |
| control field | ##L134539 |
| 008 - FIXED-LENGTH DATA ELEMENTS--GENERAL INFORMATION | |
| fixed length control field | 060815n2006 000 0 eng u |
| 035 ## - SYSTEM CONTROL NUMBER | |
| System control number | (Sirsi) u134539 |
| 041 1# - LANGUAGE CODE | |
| Language code of text/sound track or separate title | eng |
| -- | jpn |
| 050 04 - LIBRARY OF CONGRESS CALL NUMBER | |
| Classification number | 332.6324 $2 18 |
| 110 2# - MAIN ENTRY--CORPORATE NAME | |
| Corporate name or jurisdiction name as entry element | Investment Property Databank |
| 9 (RLIN) | 2288 |
| 245 00 - TITLE STATEMENT | |
| Title | Japanese consultative property index |
| 260 ## - PUBLICATION, DISTRIBUTION, ETC. | |
| Place of publication, distribution, etc. | Tokyo |
| Name of publisher, distributor, etc. | IPD |
| Date of publication, distribution, etc. | 2006 |
| 490 #0 - SERIES STATEMENT | |
| Series statement | IPD Japanese Annual Index |
| Volume/sequential designation | 2006 |
| 505 2# - FORMATTED CONTENTS NOTE | |
| Formatted contents note | IPD Japan databank profile: end 2005 -- Databank composition -- Property and other assets -- Main property performance measures -- All property and sector performance -- Office performance -- Summary of full results |
| 520 ## - SUMMARY, ETC. | |
| Summary, etc. | Returns in Japan strengthened in 2005, rising from 6.3% in 2004 to 11.7% in 2005, owing to capital value growth across all major sectors (retail, office and residential). Capital values rose by 5.4% for all property in 2005. Total returns on offices and retails doubled between 2004 and 2005: returns on retails, at 12.7% came in slightly ahead of those on offices, at 12%. The databank covers 33 portfolios with a total capital value of 3.6 trillion yen at the end of 2005, approximately GBP18bn. |
| 590 ## - LOCAL NOTE (RLIN) | |
| Local note | IKA220806 |
| 650 24 - SUBJECT ADDED ENTRY--TOPICAL TERM | |
| Topical term or geographic name entry element | IPD JAPANESE ANNUAL INDEX |
| 651 #4 - SUBJECT ADDED ENTRY--GEOGRAPHIC NAME | |
| Geographic name | JAPAN |
| 690 ## - LOCAL SUBJECT ADDED ENTRY--TOPICAL TERM (OCLC, RLIN) | |
| Topical term or geographic name as entry element | PROPERTY-COMMERCIAL PROPERTY-COMMERCIAL PROPERTY FINANCE AND INVESTMENT |
| 856 40 - ELECTRONIC LOCATION AND ACCESS | |
| Uniform Resource Identifier | <a href="https://www.ipdglobal.com/">https://www.ipdglobal.com/</a> |
| Public note | View the item free of charge at www.ipdglobal.com... |
| 942 ## - ADDED ENTRY ELEMENTS (KOHA) | |
| Suppress in OPAC | 0 |
| Withdrawn status | Lost status | Source of classification or shelving scheme | Damaged status | Not for loan | Home library | Current library | Shelving location | Date acquired | Total Checkouts | Full call number | Barcode | Date last seen | Copy number | Price effective from | Koha item type |
|---|---|---|---|---|---|---|---|---|---|---|---|---|---|---|---|
| Dewey Decimal Classification | Virtual | Virtual | Online | 15/08/2006 | ONLINE PUBLICATION | 134539-1001 | 06/08/2019 | 1 | 06/08/2019 | Book |